Nom des villes fortnite saison X - Statistiques

Statistiques générales
  • Ce quiz a été pris 176 fois
  • Le résultat moyen est 8 sur 23
Statistiques - réponses
Réponses % Correct
1 Tilted Tower
78%
5 Salty Springs
74%
7 Retail Row
64%
22 Lucky Landing
46%
3 Loot Lake
43%
8 Lonely Lodge
41%
6 Dusty Depot
39%
18 Fatal Fields
38%
21 Snobby Shores
37%
13 Junk Junction
36%
20 Polar Peak
35%
4 Greasy Groove
34%
14 Haunted Hills
33%
23 Happy Hamlet
31%
19 Frosty Flight
29%
16 Lazy Lagoon
29%
12 Sunny Steps
25%
2 Pleasent Park
22%
11 Pressure Plant
22%
9 Shifty Shafts
20%
17 Moisty Palms
19%
10 Le Block
12%
15 Starry Suburbs
11%
Aucun quiz correspondant
Distribution des résultats
% des personnes avec chaque résultat
Percentile par nombre de réponses
Votre historique - résultats
Vous n’avez pas pris ce quiz